Cultura y guerra del fútbol : análisis del mensaje informativo /

Bibliographic Details
Main Author: Paniagua Santamaría, Pedro
Other Authors: Grijelmo, Álex
Format: Electronic eBook
Language:Spanish
Published: Barcelona : Editorial UOC, 2009.
Edition:1. ed. en lengua castellana.
Series:Comunicación (Editorial UOC)
Manuales (Editorial UOC) ; 126
Subjects:
Online Access:Digitalia Hispánica

MARC

LEADER 00000nam a2200000Ii 4500
001 DIGEDIUOC029
003 NyNyDIG
006 m o d
007 cr |||||||||||
008 131201s2009 sp a ob 000 0 spa d
020 |z 8497887948 
020 |z 9788497887946 
035 |a (OCoLC)888265034 
040 |a DGITA  |b eng  |e pn  |c DGITA 
050 1 4 |a PN4784.S6 eBook 
100 1 |a Paniagua Santamaría, Pedro.  
245 1 0 |a Cultura y guerra del fútbol :  |b análisis del mensaje informativo /  |c Pedro Paniagua Santamaría ; prólogo de Álex Grijelmo. 
250 |a 1. ed. en lengua castellana. 
264 1 |a Barcelona :  |b Editorial UOC,  |c 2009. 
300 |a 1 online resource (187 pages) :  |b ill. 
336 |a text  |b txt  |2 rdacontent 
337 |a computer  |b c  |2 rdamedia 
338 |a online resource  |b cr  |2 rdacarrier 
490 1 |a Manuales ;  |v 126.  |a Comunicación. 
504 |a Includes bibliographical references (p. 177-187). 
650 0 |a Sports journalism  |z Spain 
650 0 |a Soccer  |z Spain.  
655 0 |a Electronic books. 
700 1 |a Grijelmo, Álex.  
791 2 |a Digitalia (Firm),  |e distributor. 
830 0 |a Comunicación (Editorial UOC) 
830 0 |a Manuales (Editorial UOC) ;  |v 126 
793 0 |g Digitalia eBook Collection:  |a Universitat Oberta de Catalunya. 
856 4 0 |3 Digitalia Hispánica  |u https://www.digitaliapublishing.com/a/20018/ 
910 |a Premium Collection: 2007-2012